Southville International School and Colleges
Your cart is empty.
  • Cart
  • Lists
    Public lists Eva Luna New books Lux_list list_1
    Your lists Log in to create your own lists
  • Log in to your account
  • Your cookies
  • Search history
Southville International School and Colleges
  • Advanced search
  • Recent comments
  • Most popular
  • Libraries

Log in to your account

Log in with GOOGLE


If you do not have an external account, but do have a local account, you can still log in:

  1. Home
  2. MARC view: Creating web pages with Microsoft Office 2000 :
Normal view MARC view ISBD view

Creating web pages with Microsoft Office 2000 : (Record no. 300851)

[ view plain ]
MARC details
000 -LEADER
fixed length control field 00748nam a2200277Ia 4500
008 - FIXED-LENGTH DATA ELEMENTS--GENERAL INFORMATION
fixed length control field 160901s9999 xx 000 0 und d
020 ## - INTERNATIONAL STANDARD BOOK NUMBER
International Standard Book Number 0-619-02026-1
050 ## - LIBRARY OF CONGRESS CALL NUMBER
Classification number ComSc TK 5105.888
050 ## - LIBRARY OF CONGRESS CALL NUMBER
Item number .C37 2001
100 ## - MAIN ENTRY--PERSONAL NAME
Personal name Carey, Patrick.
245 ## - TITLE STATEMENT
Title Creating web pages with Microsoft Office 2000 :
245 ## - TITLE STATEMENT
Remainder of title essentials /
245 ## - TITLE STATEMENT
Statement of responsibility, etc Patrick Carey.
260 ## - PUBLICATION, DISTRIBUTION, ETC. (IMPRINT)
Place of publication, distribution, etc Boston, MA :
260 ## - PUBLICATION, DISTRIBUTION, ETC. (IMPRINT)
Name of publisher, distributor, etc Thomson Course Tech.,
260 ## - PUBLICATION, DISTRIBUTION, ETC. (IMPRINT)
Date of publication, distribution, etc 2001
300 ## - PHYSICAL DESCRIPTION
Extent 63 pages :
300 ## - PHYSICAL DESCRIPTION
Other physical details col. ill. ;
300 ## - PHYSICAL DESCRIPTION
Dimensions 28 cm.
440 ## - SERIES STATEMENT/ADDED ENTRY--TITLE
Title New perspectives series
500 ## - GENERAL NOTE
General note Includes index.
650 ## - SUBJECT ADDED ENTRY--TOPICAL TERM
Topical term or geographic name as entry element HTML (Document markup language).
650 ## - SUBJECT ADDED ENTRY--TOPICAL TERM
Topical term or geographic name as entry element Web sites -- Design,
650 ## - SUBJECT ADDED ENTRY--TOPICAL TERM
General subdivision Hypertext systems.
650 ## - SUBJECT ADDED ENTRY--TOPICAL TERM
General subdivision World Wide Web.
Holdings
Withdrawn status Lost status Damaged status Home library Current library Shelving location Date acquired Cost, normal purchase price Total Checkouts Full call number Barcode Date last seen Price effective from Koha item type
      South Mansfield College South Mansfield College   02/08/2006 1.00   ComSc TK 5105.888 .C37 2001 SMC03059 09/01/2016 09/01/2016  

Creating web pages with Microsoft Office 2000 :

APA

Carey P., .Creating web pages with Microsoft Office 2000. Boston, MA: .

Chicago

Carey Patrick, .Creating web pages with Microsoft Office 2000. Boston, MA: .

Harvard

Carey P., .Creating web pages with Microsoft Office 2000. Boston, MA: .

MLA

Carey Patrick, .Boston, MA: . .

  • Place hold
  • Print
  • Cite
  • Add to your cart (remove)
  • Save record
    BIBTEX Dublin Core MARCXML MARC (non-Unicode/MARC-8) MARC (Unicode/UTF-8) MARC (Unicode/UTF-8, Standard) MODS (XML) RIS
  • More searches
    Search for this title in:
    Other Libraries (WorldCat) Other Databases (Google Scholar) Online Stores (Bookfinder.com) Open Library (openlibrary.org)

Exporting to Dublin Core...

SOUTHVILLE LIBRARY

Southville International School and Colleges Library

1281 Tropical Ave. Cor. Luxembourg St., BF Homes International, Las Pinas City

Tel. No. 8256374 / 252358 Loc. 117/146

Powered by Koha